00614nam a2200217Ia 4500001000900000003000500009005001700014008004100031010001100072040000900083082001700092100002200109245006600131260002900197300001700226600003900243650001500282650002400297650003600321650003900357dia_1379CHAP20230131110507.0220117s1976 xx 000 0 und d a171925 cCHAP a581.1341 W4Y aWeaver, Robert J. aReguladores del Crecimiento de las Plantas en la Agricultura. aMéxico, Trillas.c1976 a622 p. ilus. aI. Centro de Ayuda Tecnica, II. t. aHerbicidas aHormonas (plantas)  aPlantas crecimientoxaditivos.  aPlantasxcrecimiento estimulante.